000 00675nam a22002052 4500
001 0000008823
005 20151217155836.0
008 080610s xx 000 0 eng d
020 _a1869886135 :
_cKES 1200
040 _aKABU
_cKABU
100 1 _aMaina wa Kinyatti.
_@0000159590
245 1 4 _aThe Pen and the gun :
_bselected essays, letters and poems /
_cMaina wa Kinyatti.
260 _aNairobi :
_bMau Mau research Center,
_c2006.
300 _axxi, 289 p.
650 0 _aKenya
_xHistory
_y1963-.
_@0000159591
650 0 _aKenya
_xPolitics and government
_y1978-.
_@0000159584
908 _a080610
950 _@1
999 _c13128
_d13128